Aqua Group guide to procurement tendering and contract administration (Record no. 115853)

MARC details
000 -LEADER
fixed length control field 01224cam a2200289 4500
001 - CONTROL NUMBER
control field L159385
008 - FIXED-LENGTH DATA ELEMENTS--GENERAL INFORMATION
fixed length control field 170113n2016 000 0 eng u
020 ## - INTERNATIONAL STANDARD BOOK NUMBER
International Standard Book Number 9781118346549
035 ## - SYSTEM CONTROL NUMBER
System control number (Sirsi) u159385
041 0# - LANGUAGE CODE
Language code of text/sound track or separate title eng
050 04 - LIBRARY OF CONGRESS CALL NUMBER
Classification number 692.8 $2 18
110 2# - MAIN ENTRY--CORPORATE NAME
Corporate name or jurisdiction name as entry element Aqua Group
9 (RLIN) 865
245 00 - TITLE STATEMENT
Title Aqua Group guide to procurement tendering and contract administration
250 ## - EDITION STATEMENT
Edition statement 2nd edition
260 ## - PUBLICATION, DISTRIBUTION, ETC.
Place of publication, distribution, etc. Oxford
Name of publisher, distributor, etc. Wiley Blackwell
Date of publication, distribution, etc. 2016
300 ## - PHYSICAL DESCRIPTION
Extent xv 368p.
Dimensions 25cm.
520 ## - SUMMARY, ETC.
Summary, etc. Covers the entire building procurement tendering and contract administration process from inception through to final account. Includes the briefing stage, procurement methods, tendering procedures and contract administration. Provides a detailed account of the building team's roles and responsibilities, and industry practice required to ensure that projects meet clients' expectations in respect of time, cost and quality.
520 ## - SUMMARY, ETC.
Summary, etc. Supersedes 1st ed ISBN 9781405131988
651 #4 - SUBJECT ADDED ENTRY--GEOGRAPHIC NAME
Geographic name United Kingdom
Chronological subdivision
690 ## - LOCAL SUBJECT ADDED ENTRY--TOPICAL TERM (OCLC, RLIN)
Topical term or geographic name as entry element Procurement
9 (RLIN) 6260
690 ## - LOCAL SUBJECT ADDED ENTRY--TOPICAL TERM (OCLC, RLIN)
Topical term or geographic name as entry element Construction management
9 (RLIN) 6230
700 1# - ADDED ENTRY--PERSONAL NAME
Personal name Hackett, Mark
Relator term editor
700 1# - ADDED ENTRY--PERSONAL NAME
Personal name Robinson, Ian
Relator term editor
700 1# - ADDED ENTRY--PERSONAL NAME
Personal name Statham, Gary
Relator term editor
942 ## - ADDED ENTRY ELEMENTS (KOHA)
Suppress in OPAC 0
Holdings
Withdrawn status Lost status Source of classification or shelving scheme Damaged status Not for loan Home library Current library Shelving location Date acquired Total Checkouts Full call number Barcode Date last seen Copy number Price effective from Koha item type
    Dewey Decimal Classification     London London Books 13/01/2017   692.8 AQA 30079053 06/08/2019 1 06/08/2019 Book